000 00490nam a2200193Ia 4500
005 20221017143048.0
008 131103s9999 xx 000 0 und d
040 _aLoreto College
041 _aEnglish
082 _a150
_bZAN
100 _aZangwill, O. L.
245 3 _aAn Introduction to modern psychology
_cO. L. Zangwill
260 _aLondon
_bMethuen
_c1950(1965printing)
300 _a239p
504 _aInclude index
650 _aPsychology
850 _aLCLIB
942 _cBK
999 _c18985
_d69464